Internal combustion engines (including gasturbines) (Record no. 537)

MARC details
000 -LEADER
Fixed length control field 00459nam a2200169 4500
003 - CONTROL NUMBER IDENTIFIER
Control field SEACOMEC
005 - DATE AND TIME OF LATEST TRANSACTION
Control field 20240129134155.0
008 - FIXED-LENGTH DATA ELEMENTS--GENERAL INFORMATION
Fixed length control field 240129b |||||||| |||| 00| 0 eng d
020 ## - INTERNATIONAL STANDARD BOOK NUMBER / ISBN
Price Rs.120.00
040 ## - CATALOGING SOURCE
Original cataloging agency SEACOMEC
082 ## - DEWEY DECIMAL CLASSIFICATION NUMBER
Classification number 621.43
Book Number B188
100 ## - MAIN ENTRY--PERSONAL NAME
Personal name Ballaney,P.L.
245 12 - TITLE STATEMENT
Title Internal combustion engines (including gasturbines)
Statement of responsibility P.L. Ballaney
260 ## - IMPRINT
Place of publication Delhi
Name of publisher Khanna
Date of publication 2003
650 ## - SUBJECT ADDED ENTRY--TOPICAL TERM
Topical term Technology,Internal-combustion engines
942 ## - ADDED ENTRY ELEMENTS (KOHA)
Koha item type Books
Holdings
Withdrawn status Lost status Source of classification Damaged status Not for loan Home library Current library Date acquired Total Checkouts Call number Accession number Date last seen Copy number Price effective from Koha item type
    Dewey Decimal Classification     SEACOM ENGINEERING COLLEGE SEACOM ENGINEERING COLLEGE 05/06/2006   621.43 B188 01956 29/01/2024 5 29/01/2024 Books
    Dewey Decimal Classification     SEACOM ENGINEERING COLLEGE SEACOM ENGINEERING COLLEGE 05/06/2006   621.43 B188 01957 29/01/2024 6 29/01/2024 Books
    Dewey Decimal Classification     SEACOM ENGINEERING COLLEGE SEACOM ENGINEERING COLLEGE 05/06/2006   621.43 B188 01958 29/01/2024 7 29/01/2024 Books
    Dewey Decimal Classification     SEACOM ENGINEERING COLLEGE SEACOM ENGINEERING COLLEGE 05/06/2006   621.43 B188 01959 29/01/2024 8 29/01/2024 Books
    Dewey Decimal Classification     SEACOM ENGINEERING COLLEGE SEACOM ENGINEERING COLLEGE 05/06/2006   621.43 B188 01960 29/01/2024 9 29/01/2024 Books
© Seacom Engineering College, All rights reserved.      Powered by Koha